000 01196nam a2200301 i 4500
001 190639
003 ES-MaACL
005 20260311113126.0
008 220228s2012 ae 001 0bfre d
020 _a978-9931-348-44-3
100 1 _aSoualah, Mohammed.
_9174244
245 1 0 _aIbrahim Ibn Sahl
_b: poète musulman d'Espagne [1212-1251] : son pays, sa vie, son oeuvre et sa valeur littéraire : thèse /
_cSoualah Mohammed.
260 _a[Alger :
_bUniversité d'Alger,
_c2012]
300 _a183 p. ;
_c23 cm.
490 1 _aPublications du cinquantenaire de l'Université d'Alger
500 _aÍndice.
502 _aTesis-Universidad de Argelia.
504 _aBibliografía: p. 23-29.
530 _aDisponible en formato digital.
546 _aTextos en francés y árabe.
600 1 4 _aIbn Sahl al-Israili, Ibrahim,
_dca. 1212-1251
_9174245
830 1 _aPublications du cinquantenaire de l'Université d'Alger
_9225919
852 4 _aES-MaACL
_jA-14902
_9197818
_bR.152303
_cDEPO1
_dOlim: N-7902
_hDonación: Soualah Mohammed
903 _9174244
_aSoualah, Mohammed
_ednr
942 _2udc
_cMONOGRAFIA
999 _c190639
_d190639